000 00676nam a2200217Ii 4500
003 JO-AjNU
008 230606s9999||||xx |||||||||||||| ||und||
020 _a0-04-332092-9 / 0-04-332093-7
040 _aJO-AjNU
_beng
_erda
_cJO-AjNU
041 _aeng
050 1 4 _aHG4028.B2.F36 1984
100 3 _aFanning,David / Pendlebuury,Maurice,
_eauthor
_93135
245 0 0 _aCompany Accounts - A Guide
250 _a1 ed
264 3 1 _aLondon: George Allen and Unwin,1984
300 _a223p
_bIncludes appendix indexes(p217-223)
336 _atext
_btxt
_2rdacontent
337 _aunmediated
_bn
_2rdamedia
338 _avolume
_bnc
_2rdacarrier
650 4 _aCompany Accounts
_93136
999 _aE1643
_c1643
_d1643